Managing crisis in organizations

Bibliographic Details
Format: Book
Published: Kuala Lumpur : Leeds Publications , 2002
Subjects:

MARC

LEADER 00000cam a2200000 7i4500
001 0000011389
005 20050509.0
020 |a 9832431158 
040 |a INS 
090 0 0 |a HD49   |b R934 2002 
100 1
245 1 0 |a Managing crisis in organizations   |c Josef Eby Ruin 
260 |a Kuala Lumpur :   |b Leeds Publications ,   |c 2002 
300 |a xxii :   |b 186p ;   |c 21cm. 
650 0 0 |a Crisis management   |x Organizational behaviour   |y Communication in management 
999 |a 0000010084   |b BOOK   |c Open Shelf   |e Default branch